000 00388nam a2200157Ia 4500
005 20240807062417.0
008 240806s9999||||xx |||||||||||||| ||eng||
041 _aeng
082 _a891.432
_bRAIY
100 _aRai, Dinesh
245 0 _aYuhanna aur salomi /
_cRai, Dinesh
260 _bNational Publishing House, New Delhi
300 _a82
650 _aGeneral Studies
942 _cBK
999 _c18125
_d18125